[Event "Bundesliga 9495"]
[Site "Deutschland"]
[Date "1995.??.??"]
[Round "?.2"]
[White "Christiansen, Larry Mark"]
[Black "Jussupow, Artur"]
[Result "1/2-1/2"]
[WhiteElo "2570"]
[BlackElo "2660"]
[PlyCount "57"]
[EventDate "1994.10.??"]
[EventType "team"]
[EventRounds "15"]
[EventCountry "GER"]
[SourceTitle "Bundesliga 9495"]
[Source "DeepChess"]
[SourceDate "2005.01.01"]
[SourceVersion "1"]
[SourceVersionDate "2005.01.01"]
[SourceQuality "1"]
[WhiteTeam "SG Porz e.V."]
[BlackTeam "FC Bayern Muenchen e.V."]
[WhiteTeamCountry "GER"]
[BlackTeamCountry "GER"]

1. d4 Nf6 2. c4 e6 3. Nf3 d5 4. Nc3 Be7 5. Bg5 h6 6. Bh4 O-O 7. e3 Ne4 8. Bxe7
Qxe7 9. Rc1 c6 10. Bd3 Nxc3 11. Rxc3 dxc4 12. Rxc4 Nd7 13. Bc2 e5 14. Qd3 f5
15. dxe5 Nxe5 16. Nxe5 Qxe5 17. Rd4 Be6 18. O-O Kh8 19. Rd1 Rae8 20. h3 c5 21.
Rd6 Qxb2 22. Rb1 Qxa2 23. Rxb7 Qa5 24. Kh2 Bc8 25. Rxh6+ gxh6 26. Qd6 Bxb7 27.
Qxh6+ Kg8 28. Bb3+ c4 29. Bxc4+ 1/2-1/2

[Event "Bundesliga 9495"]
[Site "Deutschland"]
[Date "1995.??.??"]
[Round "?.3"]
[White "Ribli, Zoltan"]
[Black "Hickl, Joerg"]
[Result "1/2-1/2"]
[WhiteElo "2600"]
[BlackElo "2535"]
[PlyCount "35"]
[EventDate "1994.10.??"]
[EventType "team"]
[EventRounds "15"]
[EventCountry "GER"]
[SourceTitle "Bundesliga 9495"]
[Source "DeepChess"]
[SourceDate "2005.01.01"]
[SourceVersion "1"]
[SourceVersionDate "2005.01.01"]
[SourceQuality "1"]
[WhiteTeam "FC Bayern Muenchen e.V."]
[BlackTeam "SG Porz e.V."]
[WhiteTeamCountry "GER"]
[BlackTeamCountry "GER"]

1. c4 e5 2. g3 c6 3. d4 d6 4. Bg2 Nf6 5. Nc3 Be7 6. e3 Nbd7 7. Nge2 O-O 8. O-O
Rb8 9. b3 Qc7 10. Qd3 a6 11. a4 Re8 12. a5 exd4 13. Nxd4 Bf8 14. Bb2 Ne5 15.
Qc2 b6 16. axb6 Qxb6 17. h3 c5 18. Na4 1/2-1/2

[Event "Bundesliga 9495"]
[Site "Deutschland"]
[Date "1995.??.??"]
[Round "?.5"]
[White "Boensch, Uwe"]
[Black "Vogt, Lothar"]
[Result "1-0"]
[WhiteElo "2550"]
[BlackElo "2475"]
[PlyCount "107"]
[EventDate "1994.10.??"]
[EventType "team"]
[EventRounds "15"]
[EventCountry "GER"]
[SourceTitle "Bundesliga 9495"]
[Source "DeepChess"]
[SourceDate "2005.01.01"]
[SourceVersion "1"]
[SourceVersionDate "2005.01.01"]
[SourceQuality "1"]
[WhiteTeam "FC Bayern Muenchen e.V."]
[BlackTeam "SG Porz e.V."]
[WhiteTeamCountry "GER"]
[BlackTeamCountry "GER"]

1. d4 Nf6 2. c4 g6 3. Nc3 Bg7 4. e4 d6 5. Be2 O-O 6. Bg5 c5 7. dxc5 Qa5 8. Bd2
Qxc5 9. Nf3 Bg4 10. O-O Bxf3 11. Bxf3 Nc6 12. Be2 Rfc8 13. Rb1 a6 14. Na4 Qd4
15. Be3 Qxd1 16. Rfxd1 Nd7 17. f4 Rd8 18. b4 Na7 19. Bg4 Nc8 20. c5 Rb8 21. e5
f5 22. Bf3 dxe5 23. fxe5 Bxe5 24. Bd5+ Kf8 25. Be6 Ke8 26. Rb3 Na7 27. Rbd3 Nf6
28. Rxd8+ Rxd8 29. Bf7+ Kxf7 30. Rxd8 Nc6 31. Rd1 Ng4 32. Bf2 Bxh2+ 33. Kf1
Nge5 34. a3 h5 35. Nb6 g5 36. Be1 f4 37. a4 Ng4 38. Nc4 Ke6 39. Bc3 Na7 40.
Re1+ Kd7 41. Ne5+ Nxe5 42. Rxe5 h4 43. Rd5+ Kc6 44. Rxg5 Bg3 45. Ke2 Nc8 46.
Kd3 e6 47. Rg6 Kd5 48. Rg7 e5 49. Rg5 f3 50. gxf3 a5 51. Bxe5 Bxe5 52. f4 axb4
53. Rxe5+ Kc6 54. Kc4 1-0

[Event "Bundesliga 9495"]
[Site "Deutschland"]
[Date "1995.??.??"]
[Round "?.6"]
[White "Brunner, Lucas"]
[Black "Stangl, Markus"]
[Result "1/2-1/2"]
[WhiteElo "2535"]
[BlackElo "2540"]
[PlyCount "46"]
[EventDate "1994.10.??"]
[EventType "team"]
[EventRounds "15"]
[EventCountry "GER"]
[SourceTitle "Bundesliga 9495"]
[Source "DeepChess"]
[SourceDate "2005.01.01"]
[SourceVersion "1"]
[SourceVersionDate "2005.01.01"]
[SourceQuality "1"]
[WhiteTeam "SG Porz e.V."]
[BlackTeam "FC Bayern Muenchen e.V."]
[WhiteTeamCountry "GER"]
[BlackTeamCountry "GER"]

1. d4 d5 2. c4 c6 3. Nf3 e6 4. Qc2 Nf6 5. Bg5 dxc4 6. Qxc4 b5 7. Qc2 Bb7 8. Nc3
Nbd7 9. e3 a6 10. Be2 c5 11. dxc5 Bxc5 12. O-O Rc8 13. Rfd1 Qc7 14. Rac1 O-O
15. Qb1 Qb8 16. Nd2 Bd6 17. h3 h6 18. Bxf6 Nxf6 19. Bf3 Be5 20. Bxb7 Qxb7 21.
Nce4 Rxc1 22. Nxf6+ Bxf6 23. Rxc1 Rc8 1/2-1/2

[Event "Bundesliga 9495"]
[Site "Deutschland"]
[Date "1995.??.??"]
[Round "?.8"]
[White "Ostermeyer, Peter"]
[Black "Schlosser, Philipp"]
[Result "1/2-1/2"]
[WhiteElo "2390"]
[BlackElo "2505"]
[PlyCount "46"]
[EventDate "1994.10.??"]
[EventType "team"]
[EventRounds "15"]
[EventCountry "GER"]
[SourceTitle "Bundesliga 9495"]
[Source "DeepChess"]
[SourceDate "2005.01.01"]
[SourceVersion "1"]
[SourceVersionDate "2005.01.01"]
[SourceQuality "1"]
[WhiteTeam "SG Porz e.V."]
[BlackTeam "FC Bayern Muenchen e.V."]
[WhiteTeamCountry "GER"]
[BlackTeamCountry "GER"]

1. e4 c5 2. Nf3 Nc6 3. Bb5 d6 4. O-O Bd7 5. Re1 Nf6 6. c3 a6 7. Bxc6 Bxc6 8. d4
Bxe4 9. Bg5 Bd5 10. Nbd2 e6 11. c4 Bxf3 12. Qxf3 cxd4 13. Bxf6 gxf6 14. Qxb7
Qc8 15. Qd5 Rg8 16. Nf3 Be7 17. Qxd4 Qc6 18. Re3 Kf8 19. Rd1 a5 20. b3 Kg7 21.
Nh4 Kh8 22. Rg3 Qc5 23. Qxc5 dxc5 1/2-1/2

[Event "Bundesliga 9495"]
[Site "Deutschland"]
[Date "1995.??.??"]
[Round "?.2"]
[White "Siegel, Georg"]
[Black "Hjartarson, Johann"]
[Result "1-0"]
[WhiteElo "2505"]
[BlackElo "2590"]
[PlyCount "87"]
[EventDate "1994.10.??"]
[EventType "team"]
[EventRounds "15"]
[EventCountry "GER"]
[SourceTitle "Bundesliga 9495"]
[Source "DeepChess"]
[SourceDate "2005.01.01"]
[SourceVersion "1"]
[SourceVersionDate "2005.01.01"]
[SourceQuality "1"]
[WhiteTeam "SK Zaehringen 1921"]
[BlackTeam "FC Bayern Muenchen e.V."]
[WhiteTeamCountry "GER"]
[BlackTeamCountry "GER"]

1. d4 Nf6 2. c4 e6 3. Nf3 b6 4. g3 Ba6 5. b3 Bb4+ 6. Bd2 Be7 7. Bg2 O-O 8. O-O
d5 9. Ne5 Bb7 10. Bc3 Nbd7 11. Nd2 c5 12. dxc5 bxc5 13. Qc2 Nxe5 14. Bxe5 Qb6
15. cxd5 exd5 16. e4 Ng4 17. Bb2 Qg6 18. Rac1 Ba6 19. Rfe1 d4 20. e5 d3 21. Qc3
Rad8 22. Ba3 Qb6 23. Rf1 Qe6 24. h3 Nxe5 25. Rfe1 Bf6 26. Qxc5 Rfe8 27. Qxa7
Bb5 28. Bb2 Qa6 29. Qxa6 Bxa6 30. Bc3 g6 31. f4 Nd7 32. Rxe8+ Rxe8 33. Bxf6
Nxf6 34. Rc6 Bb7 35. Rxf6 Bxg2 36. Kxg2 Re2+ 37. Kf3 Rxd2 38. a4 Rb2 39. Rb6
Kf8 40. a5 Rb1 41. Ke3 Rg1 42. a6 Rxg3+ 43. Kd2 Ke7 44. Rb4 1-0

[Event "Bundesliga 9495"]
[Site "Deutschland"]
[Date "1995.??.??"]
[Round "?.3"]
[White "Kindermann, Stefan"]
[Black "Roos, Daniel"]
[Result "1/2-1/2"]
[WhiteElo "2585"]
[BlackElo "2450"]
[PlyCount "95"]
[EventDate "1994.10.??"]
[EventType "team"]
[EventRounds "15"]
[EventCountry "GER"]
[SourceTitle "Bundesliga 9495"]
[Source "DeepChess"]
[SourceDate "2005.01.01"]
[SourceVersion "1"]
[SourceVersionDate "2005.01.01"]
[SourceQuality "1"]
[WhiteTeam "FC Bayern Muenchen e.V."]
[BlackTeam "SK Zaehringen 1921"]
[WhiteTeamCountry "GER"]
[BlackTeamCountry "GER"]

1. e4 c6 2. d4 d5 3. e5 Bf5 4. Nf3 e6 5. Be2 Ne7 6. O-O Nd7 7. Nh4 Bg6 8. Nd2
c5 9. c3 Qb6 10. Nxg6 hxg6 11. Nf3 cxd4 12. cxd4 Nc6 13. Rb1 Be7 14. b4 Rc8 15.
Be3 O-O 16. a3 a6 17. Bd3 Na7 18. Rb3 Rc7 19. Qd2 Rfc8 20. a4 a5 21. b5 Bb4 22.
Qe2 Rc3 23. Rxc3 Rxc3 24. h4 Qd8 25. Ng5 Be7 26. Nxf7 Kxf7 27. Qf3+ Nf6 28.
exf6 gxf6 29. Bd2 Ra3 30. h5 f5 31. hxg6+ Kg7 32. Qe3 Bg5 33. Qxe6 Qe7 34.
Qxe7+ Bxe7 35. Bxf5 Rxa4 36. Bd7 Ra2 37. b6 Nc6 38. Bxc6 bxc6 39. Bf4 Rb2 40.
Re1 Bf6 41. Be5 Kxg6 42. Bxf6 Kxf6 43. Ra1 Kf5 44. Rxa5 Rxb6 45. f3 Kf4 46. Ra3
Kg3 47. Kf1 Rb2 48. Rc3 1/2-1/2

[Event "Bundesliga 9495"]
[Site "Deutschland"]
[Date "1995.??.??"]
[Round "?.4"]
[White "Schmaltz, Roland"]
[Black "Gabriel, Christian"]
[Result "0-1"]
[WhiteElo "2450"]
[BlackElo "2535"]
[PlyCount "66"]
[EventDate "1994.10.??"]
[EventType "team"]
[EventRounds "15"]
[EventCountry "GER"]
[SourceTitle "Bundesliga 9495"]
[Source "DeepChess"]
[SourceDate "2005.01.01"]
[SourceVersion "1"]
[SourceVersionDate "2005.01.01"]
[SourceQuality "1"]
[WhiteTeam "SK Zaehringen 1921"]
[BlackTeam "FC Bayern Muenchen e.V."]
[WhiteTeamCountry "GER"]
[BlackTeamCountry "GER"]

1. e4 c5 2. Nf3 d6 3. d4 cxd4 4. Nxd4 Nf6 5. Nc3 Nc6 6. Nb3 e6 7. Bd3 Be7 8.
O-O a6 9. f4 Qc7 10. Bd2 O-O 11. Kh1 b5 12. Qf3 Bb7 13. Qh3 b4 14. Ne2 e5 15.
Ng3 a5 16. fxe5 Nxe5 17. Nd4 g6 18. Bg5 Nfg4 19. Bxe7 Qxe7 20. Be2 Bc8 21. Bxg4
Nxg4 22. Kg1 Qg5 23. Nge2 Ne3 24. Qf3 Nxf1 25. Rxf1 Bb7 26. Ng3 Qe5 27. Qe3
Rae8 28. Rf4 d5 29. h4 dxe4 30. h5 Qg5 31. hxg6 hxg6 32. Ngf5 gxf5 33. Nxf5 Re6
0-1

[Event "Bundesliga 9495"]
[Site "Deutschland"]
[Date "1995.??.??"]
[Round "?.5"]
[White "Boensch, Uwe"]
[Black "Brendel, Oliver"]
[Result "1-0"]
[WhiteElo "2550"]
[BlackElo "2385"]
[PlyCount "95"]
[EventDate "1994.10.??"]
[EventType "team"]
[EventRounds "15"]
[EventCountry "GER"]
[SourceTitle "Bundesliga 9495"]
[Source "DeepChess"]
[SourceDate "2005.01.01"]
[SourceVersion "1"]
[SourceVersionDate "2005.01.01"]
[SourceQuality "1"]
[WhiteTeam "FC Bayern Muenchen e.V."]
[BlackTeam "SK Zaehringen 1921"]
[WhiteTeamCountry "GER"]
[BlackTeamCountry "GER"]

1. d4 Nf6 2. c4 g6 3. Nc3 Bg7 4. e4 d6 5. Be2 O-O 6. Bg5 Nbd7 7. Qd2 c6 8. h4
h5 9. f3 a6 10. a4 e5 11. d5 Nc5 12. Bd1 a5 13. Nge2 Qb6 14. Nc1 cxd5 15. cxd5
Bd7 16. Be3 Ne8 17. Nb3 f5 18. Nxc5 dxc5 19. exf5 Bxf5 20. Rc1 Nd6 21. Nb5 Rfc8
22. Be2 Nxb5 23. Bxb5 Qd6 24. O-O b6 25. Rfe1 Kh7 26. b3 Rd8 27. Rcd1 Ra7 28.
Qe2 Rf8 29. Bg5 Raf7 30. Rd2 Bc8 31. Rd3 Bf5 32. Rd2 Bc8 33. Qc4 Bf5 34. Rde2
e4 35. fxe4 Bd4+ 36. Be3 Bxe4 37. Bxd4 Bxd5 38. Be5 Bxc4 39. Bxd6 Bxe2 40. Rxe2
Rd8 41. Re6 Rg7 42. Bd3 Rdd7 43. Bc2 Rg8 44. Kh2 Rb7 45. Be4 Rd7 46. Kh3 Rgg7
47. g4 hxg4+ 48. Kxg4 1-0

[Event "Bundesliga 9495"]
[Site "Deutschland"]
[Date "1995.??.??"]
[Round "?.6"]
[White "Vatter, Hans Joachim"]
[Black "Bischoff, Klaus"]
[Result "1/2-1/2"]
[WhiteElo "2345"]
[BlackElo "2525"]
[PlyCount "53"]
[EventDate "1994.10.??"]
[EventType "team"]
[EventRounds "15"]
[EventCountry "GER"]
[SourceTitle "Bundesliga 9495"]
[Source "DeepChess"]
[SourceDate "2005.01.01"]
[SourceVersion "1"]
[SourceVersionDate "2005.01.01"]
[SourceQuality "1"]
[WhiteTeam "SK Zaehringen 1921"]
[BlackTeam "FC Bayern Muenchen e.V."]
[WhiteTeamCountry "GER"]
[BlackTeamCountry "GER"]

1. e4 c5 2. Nf3 e6 3. d4 cxd4 4. Nxd4 Nf6 5. Nc3 d6 6. g4 Nc6 7. g5 Nd7 8. Be3
Be7 9. h4 O-O 10. Qe2 a6 11. O-O-O Nxd4 12. Bxd4 b5 13. Qh5 b4 14. Ne2 Qa5 15.
Kb1 e5 16. Be3 Nc5 17. Qf3 Be6 18. Nc1 Rac8 19. Bh3 Qc7 20. Rd2 Qb7 21. Bxc5
Rxc5 22. Bxe6 fxe6 23. Qg4 Qc8 24. Nd3 Rc4 25. Re1 Rd4 26. Rde2 a5 27. Re3
1/2-1/2

[Event "Bundesliga 9495"]
[Site "Deutschland"]
[Date "1995.??.??"]
[Round "?.7"]
[White "Schlosser, Philipp"]
[Black "Weindl, Alfred"]
[Result "1-0"]
[WhiteElo "2505"]
[BlackElo "2385"]
[PlyCount "147"]
[EventDate "1994.10.??"]
[EventType "team"]
[EventRounds "15"]
[EventCountry "GER"]
[SourceTitle "Bundesliga 9495"]
[Source "DeepChess"]
[SourceDate "2005.01.01"]
[SourceVersion "1"]
[SourceVersionDate "2005.01.01"]
[SourceQuality "1"]
[WhiteTeam "FC Bayern Muenchen e.V."]
[BlackTeam "SK Zaehringen 1921"]
[WhiteTeamCountry "GER"]
[BlackTeamCountry "GER"]

1. Nf3 Nf6 2. c4 d6 3. d4 g6 4. Nc3 Bg7 5. e4 O-O 6. Be2 e5 7. d5 a5 8. h3 Na6
9. Bg5 Qe8 10. Nd2 Kh8 11. h4 Ng8 12. h5 f6 13. Be3 Bh6 14. hxg6 Qxg6 15. Nf1
f5 16. exf5 Bxf5 17. Qd2 Bxe3 18. Nxe3 Nc5 19. O-O-O Bd7 20. f3 Rf4 21. g3 Rd4
22. Qc2 Qxc2+ 23. Nxc2 Rxd1+ 24. Kxd1 Ne7 25. Ne3 Rg8 26. Rg1 Rg6 27. Kd2 Rh6
28. Bd3 Rh2+ 29. Rg2 Rxg2+ 30. Nxg2 Nxd3 31. Kxd3 Bh3 32. Ne3 Bd7 33. c5 dxc5
34. Nc4 b5 35. Nxe5 Bf5+ 36. Kd2 b4 37. Ne4 Nxd5 38. Nxc5 Kg7 39. Nc4 Bb1 40.
a3 bxa3 41. bxa3 Nb6 42. Nxa5 Ba2 43. Na6 Bd5 44. Ke3 c6 45. Nb4 Kf6 46. Nxd5+
cxd5 47. Kd4 Ke6 48. Nb7 Kd7 49. Nc5+ Kd6 50. a4 Nc4 51. Nd3 Nd2 52. Ke3 Nb3
53. f4 Ke6 54. g4 h6 55. Nb4 d4+ 56. Kf3 Nd2+ 57. Ke2 Nc4 58. Nd3 Na5 59. Kf3
Kd5 60. g5 hxg5 61. fxg5 Nb3 62. Kf4 Ke6 63. Ke4 Nd2+ 64. Kxd4 Nf3+ 65. Kc5
Nxg5 66. Kc6 Nf3 67. a5 Nd4+ 68. Kb6 Kd6 69. Nb4 Ne6 70. a6 Nc7 71. a7 Kd7 72.
Kb7 Na8 73. Nd5 Kd8 74. Nb6 1-0

[Event "Bundesliga 9495"]
[Site "Deutschland"]
[Date "1995.??.??"]
[Round "?.8"]
[White "Weidemann, Joerg"]
[Black "Bezold, Michael"]
[Result "1/2-1/2"]
[WhiteElo "2295"]
[BlackElo "2495"]
[PlyCount "46"]
[EventDate "1994.10.??"]
[EventType "team"]
[EventRounds "15"]
[EventCountry "GER"]
[SourceTitle "Bundesliga 9495"]
[Source "DeepChess"]
[SourceDate "2005.01.01"]
[SourceVersion "1"]
[SourceVersionDate "2005.01.01"]
[SourceQuality "1"]
[WhiteTeam "SK Zaehringen 1921"]
[BlackTeam "FC Bayern Muenchen e.V."]
[WhiteTeamCountry "GER"]
[BlackTeamCountry "GER"]

1. e4 d6 2. d4 Nf6 3. Nc3 g6 4. f3 Bg7 5. Be3 a6 6. Qd2 b5 7. Bh6 Bxh6 8. Qxh6
Nbd7 9. O-O-O b4 10. Nce2 e5 11. h4 Qe7 12. Qg7 Qf8 13. Qxf8+ Nxf8 14. Nh3 Bxh3
15. Rxh3 Ne6 16. d5 Nc5 17. Kb1 Ke7 18. g4 Rab8 19. h5 Nfd7 20. Ng3 a5 21. Be2
Rhf8 22. g5 Rb7 23. Nf1 Rbb8 1/2-1/2

[Event "Bundesliga 9495"]
[Site "Deutschland"]
[Date "1995.??.??"]
[Round "?.1"]
[White "Zude, Arno"]
[Black "Huebner, Robert"]
[Result "0-1"]
[WhiteElo "2430"]
[BlackElo "2620"]
[PlyCount "100"]
[EventDate "1994.10.??"]
[EventType "team"]
[EventRounds "15"]
[EventCountry "GER"]
[SourceTitle "Bundesliga 9495"]
[Source "DeepChess"]
[SourceDate "2005.01.01"]
[SourceVersion "1"]
[SourceVersionDate "2005.01.01"]
[SourceQuality "1"]
[WhiteTeam "SV 1920 Hofheim"]
[BlackTeam "FC Bayern Muenchen e.V."]
[WhiteTeamCountry "GER"]
[BlackTeamCountry "GER"]

1. e4 e5 2. Nf3 Nc6 3. Bc4 Nf6 4. d4 exd4 5. e5 d5 6. Bb5 Ne4 7. Nxd4 Bd7 8.
Bxc6 bxc6 9. O-O Bc5 10. Be3 O-O 11. f3 Ng5 12. Qd2 f6 13. exf6 Qxf6 14. Nc3 h6
15. Nb3 Bd6 16. Nc5 Bf5 17. N3a4 Qg6 18. Nd3 Ne6 19. b3 d4 20. Bf2 Bh3 21. Bg3
Bxg3 22. gxh3 Bd6+ 23. Qg2 Qh5 24. Qg4 Qd5 25. Rae1 Rf5 26. Qe4 Ng5 27. Qxd5+
cxd5 28. Kg2 Raf8 29. f4 Ne4 30. Nab2 c5 31. a4 a5 32. Rd1 R8f6 33. Rde1 Kf7
34. Rd1 Ke6 35. Rde1 Kd7 36. Rd1 Bxf4 37. Nxf4 Rxf4 38. Rxf4 Rxf4 39. Nd3 Rf6
40. Re1 Kd6 41. h4 Rf5 42. Kh3 Nf2+ 43. Kg3 Nxd3 44. cxd3 Re5 45. Rg1 c4 46.
bxc4 dxc4 47. dxc4 Kc5 48. Kf4 Re7 49. Rb1 d3 50. Kf3 Kxc4 0-1

[Event "Bundesliga 9495"]
[Site "Deutschland"]
[Date "1995.??.??"]
[Round "?.2"]
[White "Jussupow, Artur"]
[Black "Pirrot, Dieter"]
[Result "1-0"]
[WhiteElo "2660"]
[BlackElo "2395"]
[PlyCount "73"]
[EventDate "1994.10.??"]
[EventType "team"]
[EventRounds "15"]
[EventCountry "GER"]
[SourceTitle "Bundesliga 9495"]
[Source "DeepChess"]
[SourceDate "2005.01.01"]
[SourceVersion "1"]
[SourceVersionDate "2005.01.01"]
[SourceQuality "1"]
[WhiteTeam "FC Bayern Muenchen e.V."]
[BlackTeam "SV 1920 Hofheim"]
[WhiteTeamCountry "GER"]
[BlackTeamCountry "GER"]

1. d4 Nf6 2. Nf3 g6 3. Bg5 Bg7 4. c3 d5 5. Nbd2 O-O 6. e3 Nbd7 7. Be2 Re8 8.
O-O e5 9. Nb3 c6 10. Rc1 a5 11. a4 Qb6 12. Nfd2 exd4 13. cxd4 Qb4 14. Bf4 Bf8
15. Bc7 Re6 16. Na1 Qxb2 17. Nc2 Ne4 18. Nxe4 Rxe4 19. Rb1 Qc3 20. Qc1 b6 21.
f3 Ba3 22. Qd1 Rxe3 23. Nxe3 Qxe3+ 24. Kh1 Bb4 25. Bg3 Bb7 26. Rb3 Qe7 27. Bd3
c5 28. Bb5 Nf8 29. Be5 Ne6 30. f4 Nxd4 31. Bxd4 cxd4 32. f5 Rc8 33. fxg6 hxg6
34. Rbf3 Rc7 35. Qxd4 Qe4 36. Qf6 Rc2 37. Qxf7+ 1-0

[Event "Bundesliga 9495"]
[Site "Deutschland"]
[Date "1995.??.??"]
[Round "?.3"]
[White "Reschke, Stefan"]
[Black "Ribli, Zoltan"]
[Result "1/2-1/2"]
[WhiteElo "2405"]
[BlackElo "2600"]
[PlyCount "46"]
[EventDate "1994.10.??"]
[EventType "team"]
[EventRounds "15"]
[EventCountry "GER"]
[SourceTitle "Bundesliga 9495"]
[Source "DeepChess"]
[SourceDate "2005.01.01"]
[SourceVersion "1"]
[SourceVersionDate "2005.01.01"]
[SourceQuality "1"]
[WhiteTeam "SV 1920 Hofheim"]
[BlackTeam "FC Bayern Muenchen e.V."]
[WhiteTeamCountry "GER"]
[BlackTeamCountry "GER"]

1. d4 Nf6 2. c4 e6 3. g3 Bb4+ 4. Bd2 Be7 5. Nc3 d5 6. Nf3 dxc4 7. Qa4+ Nbd7 8.
Qxc4 a6 9. Bf4 c5 10. dxc5 Bxc5 11. Bg2 b5 12. Qb3 Bb7 13. O-O Qb6 14. Ng5 O-O
15. Na4 Qa7 16. Bxb7 Qxb7 17. Rac1 Ba7 18. Rc7 Qd5 19. Qxd5 exd5 20. Nc3 Rfe8
21. Nxd5 Nxd5 22. Rxd7 Nxf4 23. gxf4 f6 1/2-1/2

[Event "Bundesliga 9495"]
[Site "Deutschland"]
[Date "1995.??.??"]
[Round "?.4"]
[White "Kindermann, Stefan"]
[Black "Schmitzer, Klaus"]
[Result "1-0"]
[WhiteElo "2585"]
[BlackElo "2355"]
[PlyCount "71"]
[EventDate "1994.10.??"]
[EventType "team"]
[EventRounds "15"]
[EventCountry "GER"]
[SourceTitle "Bundesliga 9495"]
[Source "DeepChess"]
[SourceDate "2005.01.01"]
[SourceVersion "1"]
[SourceVersionDate "2005.01.01"]
[SourceQuality "1"]
[WhiteTeam "FC Bayern Muenchen e.V."]
[BlackTeam "SV 1920 Hofheim"]
[WhiteTeamCountry "GER"]
[BlackTeamCountry "GER"]

1. e4 d5 2. exd5 Nf6 3. d4 Nxd5 4. Nf3 Bg4 5. Be2 e6 6. O-O Be7 7. Ne5 Bxe2 8.
Qxe2 O-O 9. c4 Nb4 10. Rd1 N8c6 11. Nf3 a5 12. Nc3 Re8 13. Be3 Bf8 14. a3 Na6
15. Qc2 h6 16. d5 exd5 17. Nxd5 Bc5 18. Bf4 Qc8 19. Re1 Qg4 20. Bxh6 Nd4 21.
Nxd4 Bxd4 22. Be3 c6 23. Bxd4 cxd5 24. Qc3 dxc4 25. h3 Qf4 26. Bxg7 Nc5 27. Be5
Qh4 28. Bg3 Qh7 29. Qxc4 Nd3 30. Rxe8+ Rxe8 31. Rd1 Nxb2 32. Qb5 Nxd1 33. Qxe8+
Kg7 34. Be5+ Kg6 35. Qd8 Qh5 36. Qf6+ 1-0

[Event "Bundesliga 9495"]
[Site "Deutschland"]
[Date "1995.??.??"]
[Round "?.5"]
[White "Schwamberger, Martin"]
[Black "Boensch, Uwe"]
[Result "1/2-1/2"]
[WhiteElo "2330"]
[BlackElo "2550"]
[PlyCount "87"]
[EventDate "1994.10.??"]
[EventType "team"]
[EventRounds "15"]
[EventCountry "GER"]
[SourceTitle "Bundesliga 9495"]
[Source "DeepChess"]
[SourceDate "2005.01.01"]
[SourceVersion "1"]
[SourceVersionDate "2005.01.01"]
[SourceQuality "1"]
[WhiteTeam "SV 1920 Hofheim"]
[BlackTeam "FC Bayern Muenchen e.V."]
[WhiteTeamCountry "GER"]
[BlackTeamCountry "GER"]

1. Nf3 d5 2. d4 Nf6 3. e3 c6 4. Bd3 Bg4 5. O-O Nbd7 6. Nbd2 e5 7. e4 dxe4 8.
Nxe4 Nxe4 9. Bxe4 f5 10. Bd3 e4 11. Re1 Be7 12. Bc4 exf3 13. Qd3 Nf6 14. gxf3
Bh5 15. Bd2 a5 16. Rxe7+ Qxe7 17. Re1 Ne4 18. fxe4 f4 19. Bxf4 Rf8 20. Bg3 Bf7
21. d5 Bxd5 22. Bxd5 cxd5 23. e5 Qe6 24. Qxh7 O-O-O 25. Qxg7 d4 26. Qg5 Rd5 27.
Qd2 Kb8 28. Re4 Rc8 29. Rxd4 Rxd4 30. Qxd4 Rxc2 31. Qd8+ Rc8 32. Qd2 Rc5 33. h4
Rd5 34. Qg5 Ka8 35. Kh2 Rd1 36. Qf6 Qd5 37. Kh3 Qe4 38. Qf4 Rh1+ 39. Kg4 Qg6+
40. Qg5 Qe4+ 41. Qf4 Qg6+ 42. Qg5 Qe4+ 43. Qf4 Qg6+ 44. Qg5 1/2-1/2

[Event "Bundesliga 9495"]
[Site "Deutschland"]
[Date "1995.??.??"]
[Round "?.6"]
[White "Stangl, Markus"]
[Black "Buchal, Stephan"]
[Result "1-0"]
[WhiteElo "2540"]
[BlackElo "2355"]
[PlyCount "65"]
[EventDate "1994.10.??"]
[EventType "team"]
[EventRounds "15"]
[EventCountry "GER"]
[SourceTitle "Bundesliga 9495"]
[Source "DeepChess"]
[SourceDate "2005.01.01"]
[SourceVersion "1"]
[SourceVersionDate "2005.01.01"]
[SourceQuality "1"]
[WhiteTeam "FC Bayern Muenchen e.V."]
[BlackTeam "SV 1920 Hofheim"]
[WhiteTeamCountry "GER"]
[BlackTeamCountry "GER"]

1. Nf3 g6 2. e4 Bg7 3. d4 d6 4. Nc3 Nf6 5. Bf4 c6 6. Qd2 Bg4 7. O-O-O O-O 8.
Bh6 b5 9. Bd3 e5 10. Ne2 Nbd7 11. dxe5 dxe5 12. Ng3 Re8 13. h3 Bxf3 14. gxf3
Bxh6 15. Qxh6 Kh8 16. h4 Ng8 17. Qe3 Qe7 18. h5 Nf8 19. f4 exf4 20. Qxf4 Ne6
21. Qe5+ f6 22. Qc3 g5 23. Qxc6 Rec8 24. Qd5 Rd8 25. Qxb5 Rab8 26. Nf5 Qc7 27.
Qc4 Nc5 28. Kb1 Qe5 29. b3 a5 30. h6 Rb4 31. Qf7 Rd7 32. Qg7+ Rxg7 33. hxg7#
1-0

[Event "Bundesliga 9495"]
[Site "Deutschland"]
[Date "1995.??.??"]
[Round "?.7"]
[White "Haubt, Georg"]
[Black "Bischoff, Klaus"]
[Result "0-1"]
[WhiteElo "2275"]
[BlackElo "2525"]
[PlyCount "112"]
[EventDate "1994.10.??"]
[EventType "team"]
[EventRounds "15"]
[EventCountry "GER"]
[SourceTitle "Bundesliga 9495"]
[Source "DeepChess"]
[SourceDate "2005.01.01"]
[SourceVersion "1"]
[SourceVersionDate "2005.01.01"]
[SourceQuality "1"]
[WhiteTeam "SV 1920 Hofheim"]
[BlackTeam "FC Bayern Muenchen e.V."]
[WhiteTeamCountry "GER"]
[BlackTeamCountry "GER"]

1. d4 e6 2. e4 d5 3. Nc3 Bb4 4. Nge2 dxe4 5. a3 Be7 6. Nxe4 Nf6 7. N2c3 Nbd7 8.
Bf4 O-O 9. Qd2 Nd5 10. Nxd5 exd5 11. Ng3 Re8 12. O-O-O Nf8 13. Bd3 c6 14. Nf5
Bxf5 15. Bxf5 Bd6 16. Be3 b5 17. h4 Rb8 18. b4 a5 19. Kb2 Ra8 20. c3 Ra6 21. g4
Qa8 22. Ra1 Re7 23. Rh3 g6 24. Bc2 Nd7 25. Bg5 Nb6 26. Bxe7 Nc4+ 27. Kc1 Nxd2
28. Bxd6 Nc4 29. Bc5 Qb8 30. Rf3 Qh2 31. Bd1 axb4 32. Bxb4 Qxh4 33. Kc2 Qh1 34.
Ra2 Ra8 35. Be7 Re8 36. Bg5 Re1 37. Rd3 Qf1 38. Be3 Qg2 39. Kb3 Qg1 40. Ra1
Nxe3 41. fxe3 Rxe3 42. Rxe3 Qxe3 43. a4 bxa4+ 44. Rxa4 Qc1 45. Bc2 Qf4 46. Ra8+
Kg7 47. Rc8 Qxg4 48. Rxc6 h5 49. Rd6 h4 50. Rxd5 h3 51. Re5 h2 52. Be4 Qxe4 53.
Rxe4 h1=Q 54. Re5 Kf6 55. c4 g5 56. c5 g4 0-1